Skład reprezentacji Polski na Mistrzostwach Świata 2022 - Statystyki

Ogólne statystyki
  • Ten quiz został rozwiązany 36 razy
  • Średni wynik to 22 z 26
Statystyki odpowiedzi
Nazwisko % Poprawnych
Kamil Grosicki
100%
Robert Lewandowski
100%
Wojciech Szczęsny
100%
Łukasz Skorupski
97%
Matty Cash
97%
Piotr Zieliński
97%
Arkadiusz Milik
94%
Grzegorz Krychowiak
94%
Kamil Glik
94%
Nicola Zalewski
94%
Przemysław Frankowski
94%
Karol Świderski
91%
Bartosz Bereszyński
88%
Damian Szymański
88%
Jan Bednarek
88%
Krzysztof Piątek
88%
Sebastian Szymański
88%
Jakub Kamiński
84%
Kamil Grabara
84%
Artur Jędrzejczyk
81%
Jakub Kiwior
75%
Michał Skóraś
75%
Krystian Bielik
66%
Mateusz Wieteska
66%
Robert Gumny
56%
Szymon Żurkowski
47%
Nie znaleziono quizów pasujących do podanych kryteriów
Rozkład punktacji
Procent ludzi z każdym wynikiem
Percentyl według liczby udzielonych odpowiedzi
Twoja historia wyników
Nie rozwiązałeś tego quizu